000 00327 a2200145 4500
020 _a972-8819-72-2
040 _aULA-LD-MS
082 _a72
_b72
100 _91185
_aMELVIN,Jeremy
245 _aIsmo Entender a Arquitetura
260 _aSingapura,
_blisma
_c2005.
300 _a159p
650 _aArquitetura
942 _cLivros
999 _c2358
_d2358